| 000 | 00669nam a22001937a 4500 | ||
|---|---|---|---|
| 005 | 20170522105338.0 | ||
| 010 | _aENG-118275 | ||
| 020 |
_a9780199469352 _c850.00 |
||
| 035 | _aEN-101807 | ||
| 037 | _bDBAD/PUB | ||
| 082 | _a338.476770954 | ||
| 100 | _aOberoi,Bindu | ||
| 245 |
_aThe textile industry in India : _cby Bindu Oberoi _bchanging trends and employment challenges / |
||
| 260 |
_aNew Delhi _bOxford University Press _c2017 |
||
| 270 |
_aYMCA Library Building,1 Jai Singh Road _b New Delhi _e110001 |
||
| 300 |
_axxvii,241p. _c23cm.(Hb) |
||
| 500 | _aIncludes bibliographical references and index | ||
| 942 |
_2ddc _cEN _h338.476770954 _mOBE |
||
| 999 |
_c140169 _d140169 |
||